US Presidents by Wars Started - Statistics

General Stats
  • This quiz has been taken 58 times
  • The average score is 3 of 5
Answer Stats
Countries Answer % Correct
6 Franklin D. Roosevelt
98%
2 Woodrow Wilson
76%
1 James Madison
64%
1 William McKinley
50%
1 James K. Polk
46%
No matching quizzes found
Score Distribution
Percent of People with Each Score
Percentile by Number Answered
Your Score History
You have not taken this quiz